000 00924nam a2200265 i 4500
001 000038354
003 DO-SdBNP
005 20250620104226.0
007 ta
008 130409s1998 dr 000 0 spa d
040 _aDO-SdBNP
_bspa
_cBNPHU
_erda
041 _aspa
082 4 _axxx
_bxxx
_222
100 _aRodríguez Castillo, Príamo A.,
_eautor
_4aut.
_964709
245 1 0 _aNeoliberalismo y globalización :
_brenacionalización y pronacionalisco internacional para la integración económica dominicana /
_cPríamo A. Rodríguez Castillo.
250 _aPrimera edición
264 1 _aSantiago, República Dominicana :
_bUniversidad Tecnológica de Santiago (UTESA),
_c1998.
300 _a311 páginas ;
_c24 cm.
336 _2rdacontent
_atexto
_btxt
337 _2rdamedia
_asin mediación
_bn
338 _2rdacarrier
_avolumen
_bnc
590 _aInventariado, 2022/BT
910 _aBtavárez
942 _2ddc
_cLBS1
999 _c37844
_d37844